| 000 | 01129 a2200337 4500 | ||
|---|---|---|---|
| 001 | 41138 | ||
| 005 | 20260407155705.0 | ||
| 008 | 260407a2003 arg spa d | ||
| 003 | AR-UNSa-BCEJYS | ||
| 040 |
_aAR-UNSa-BCEJYS _bspa _cAR-UNSa-BCEJYS |
||
| 080 |
_a347.736 _xQuiebra. Insolvencia. Suspensión de pagos. Bancarrota, procedimientos. Derecho Concursal |
||
| 245 | 1 | 0 | _aDerecho concursal aplicado |
| 020 | _a950-894-397-1 | ||
| 264 | 1 |
_aBuenos Aires : _bAD-HOC _c2003 |
|
| 300 |
_a431 p. _c23 cm. |
||
| 041 | _aspa | ||
| 942 | _cBK | ||
| 590 | _aniveau_biblio:m niveau_hierar:0 | ||
| 100 | 1 | _aPérez Hualde, Fernando | |
| 700 | 1 | _aTirenti, Claudia E. | |
| 700 | 1 | _aBauzá de Pina, Dolly | |
| 700 | 1 | _aÁbalos, Valeria | |
| 700 | 1 | _aMartinelli, Fabiana | |
| 700 | 1 | _aMorenas, Gabriel A. de las | |
| 700 | 1 | _aKemelmajer de Carlucci, Aída | |
| 700 | 1 | _aPuliafito, Gladys J. | |
| 700 | 1 | _aBoretto, Mauricio | |
| 700 | 1 | _aFragapane, Héctor R. | |
| 700 | 1 | _aGames, Fernando | |
| 856 | 4 | 1 |
_uhttps://biblioeco.unsa.edu.ar/pmb/images/libros/drcho_concursal_aplic_PerezHaulde.jpg _yImagen de portada _qimage/jpeg |
| 999 |
_c3391 _d3391 |
||